Statistics for American Revolution Basics

Click here to take the quiz!

General Stats

  • This quiz has been taken 47 times
  • The average score is 18 of 30

Answer Stats

HintAnswer% Correct
Declaration of Independence Year1776
100%
The nation who helped the Americans winFrance
92%
Colonists did not want to pay ______taxes
83%
Product that was dumped in Boston HarborTea
83%
A main author to the Declaration of IndependenceThomas Jefferson
83%
The first battle of the war: Lexington and ________Concord
75%
The Americans reacted to the Intolerable Acts by having a meeting called: The 1st Continental _______Congress
75%
British King during the American RevolutionGeorge III
75%
The name for colonists who did NOT want Independence.Loyalists
75%
How many years the war for American Independence lasted7
67%
Type of Government used in England at the timeMonarchy
67%
His Midnight Ride to warn about the arrival of British Soldiers made the news!Paul Revere
67%
What the Colonists called the British soldiersRedcoats
67%
Latnern warning signals: "One if by land, two if by ______"sea
67%
The act that required a tax to be paid on all printed papers (news, legal docs, etc.)Stamp Act
67%
General of the American TroopsWashington
67%
The first gun shot at Lexington & Concord: "The shot heard around the _______"world
67%
The state where the Boston Tea Party and actual fighting of the Revolutionary war STARTED.Massachusetts
58%
American soldiers who were prepared to be ready to fight with a "minute's notice."Minutemen
58%
Intolerable Acts = Punishment for Boston Tea ________Party
58%
Final Battle - in this cityYorktown
58%
He's famous for being a traitor to the American sideBenedict Arnold
50%
A French aristocrat who got French resources and support for the AmericansLafayette
50%
Intolerable Acts YEAR1774
42%
The American Army was also called the ___________ ArmyContinental
42%
The First Continental Congress- the colonies promised to support Massachusetts in case of ______ attack.British
33%
The rule that required colonists to house and feed British troopsQuartering
33%
He surrendered to Washington at the final battle of the warCornwallis
25%
The King put limits and taxes on colonial income from ________trade
17%
The section of the Declaration where the colonists list their complaints against the king.Grievances
8%

Score Distribution

Percentile by Number Answered

Percent of People with Each Score

Your Score History

You have not taken this quiz